Alasdair MacColla and the Highland problem in the seventeenth century /

Bibliographic Details
Main Author: Stevenson, David, 1942-
Format: Book
Language:English
Published: Edinburgh : Donald, [1980]
Subjects:

MARC

Tag First Indicator Second Indicator Subfields
LEADER 00000cam a2200000 a 4500
001 in00000074076
005 20151008060152.0
008 820308s1980 stkbj b 00110beng
010 |a  80143561  
015 |a GB80-24979 
020 |a 0859760553 :  |c 15.00 
035 |a (OCoLC)07394398 
035 |9 AAJ5238AM 
039 0 |a 2  |b 3  |c 3  |d 3  |e 3 
040 |a DLC  |c DLC  |d TXA  |d UtOrBLW 
043 |a e-uk-st 
049 |a TXAM  |c [1804331] 
050 0 0 |a DA803.7.M32  |b S73 
082 0 |a 941.106/2/0924  |a B  |2 19 
100 1 |a Stevenson, David,  |d 1942- 
245 1 0 |a Alasdair MacColla and the Highland problem in the seventeenth century /  |c David Stevenson. 
264 1 |a Edinburgh :  |b Donald,  |c [1980] 
264 4 |c ©1980 
300 |a ix, 324 pages :  |b genealogical tables, maps ;  |c 25 cm. 
336 |a text  |b txt  |2 rdacontent 
337 |a unmediated  |b n  |2 rdamedia 
338 |a volume  |b nc  |2 rdacarrier 
500 |a Includes index. 
504 |a Bibliography: pages 302-305. 
600 1 0 |a MacColla, Alasdair,  |d -1647. 
600 3 0 |a McDonald family. 
610 1 0 |a Scotland.  |b Army  |x Biography. 
650 0 |a Generals  |z Scotland  |v Biography. 
651 0 |a Scotland  |x History  |y Charles I, 1625-1649. 
651 0 |a Scotland  |x History, Military. 
651 0 |a Highland (Scotland)  |x History. 
999 |a MARS 
999 f f |s 3db4b93b-d849-31ae-94b3-aeda3c471bd2  |i 7cd9fdd3-0cbd-3e31-bad6-7406d10e65a7  |t 0 
952 f f |p ric  |a Texas A&M University  |b Rellis Campus  |c Joint Library Facility  |d Remote Storage  |t 0  |e DA803.7.M32 S73  |h Library of Congress classification  |i unmediated -- volume  |m A14806096959 
998 f f |a DA803.7.M32 S73  |t 0  |l Remote Storage